000 01196cam a2200229 4500
001 ABS67924
008 040617n2004 000 0 eng u
035 _a(Sirsi) u126505
245 _aSustainability consultation avoids lessons from the past
260 _c2004
490 _aENDS Report
_v(352) May 2004, 20-22(3)
520 _aDiscusses the government consultation on a revised UK sustainable development strategy to be launched next year. There will be closer attention to delivery of outcomes and changing behaviour. Climate change and sustainable consumption will be among a clearer set of priorities. Government has deliberately avoided reviewing the lessons of the past five years but its failure to get the business community to match up to the current strategy is a warning of what lies in store if the new version is no more ambitious and no better driven. [Taken from journal abstract].
590 _aABS
590 _aABS
650 _aSUSTAINABLE DEVELOPMENT STRATEGIES
650 _aSUSTAINABLE DEVELOPMENT
650 _aENVIRONMENTAL POLICY
650 _aBUSINESSES
650 _aCORPORATE ENVIRONMENTAL REPORTS
690 _aENVIRONMENT-MANAGEMENT
942 _n0
999 _c117540
_d117540